<?xml version="1.0" encoding="UTF-8"?><?xml-stylesheet type="text/xsl" href="static/style.xsl"?><OAI-PMH xmlns="http://www.openarchives.org/OAI/2.0/" xmlns:xsi="http://www.w3.org/2001/XMLSchema-instance" xsi:schemaLocation="http://www.openarchives.org/OAI/2.0/ http://www.openarchives.org/OAI/2.0/OAI-PMH.xsd"><responseDate>2026-04-17T01:51:45Z</responseDate><request verb="GetRecord" identifier="oai:www.recercat.cat:10256/27533" metadataPrefix="marc">https://recercat.cat/oai/request</request><GetRecord><record><header><identifier>oai:recercat.cat:10256/27533</identifier><datestamp>2026-01-20T00:26:01Z</datestamp><setSpec>com_2072_452966</setSpec><setSpec>com_2072_2054</setSpec><setSpec>col_2072_452968</setSpec></header><metadata><record xmlns="http://www.loc.gov/MARC21/slim" xmlns:dcterms="http://purl.org/dc/terms/" xmlns:xsi="http://www.w3.org/2001/XMLSchema-instance" xmlns:doc="http://www.lyncode.com/xoai" xsi:schemaLocation="http://www.loc.gov/MARC21/slim http://www.loc.gov/standards/marcxml/schema/MARC21slim.xsd">
   <leader>00925njm 22002777a 4500</leader>
   <datafield ind2=" " ind1=" " tag="042">
      <subfield code="a">dc</subfield>
   </datafield>
   <datafield ind2=" " ind1=" " tag="720">
      <subfield code="a">Jordà Custal, Marta</subfield>
      <subfield code="e">author</subfield>
   </datafield>
   <datafield ind2=" " ind1=" " tag="260">
      <subfield code="c">2025-06-01</subfield>
   </datafield>
   <datafield ind2=" " ind1=" " tag="520">
      <subfield code="a">This thesis examines the role of cultural values, specifically the individualism-collectivism (I-C) &#xd;
dimension, in shaping income redistribution policies across countries. Previous literature finds &#xd;
that individualistic societies tend to support greater state-led redistribution, while collectivist &#xd;
cultures rely more on informal support networks, thereby reducing pressure for formal welfare &#xd;
systems. However, much of this research has depended on narrow cultural measures and has &#xd;
paid limited attention to the potential bidirectional relationship between culture and &#xd;
redistribution.&#xd;
This study contributes to the literature by analysing both absolute redistribution (the raw &#xd;
reduction in income inequality via taxes and transfers) and relative redistribution (the &#xd;
proportional reduction relative to pre-tax inequality), using a broader set of cultural indicators—&#xd;
Hofstede’s individualism scores, Schwartz’s value orientations, and the Global Collectivism Index &#xd;
(GCI). It also accounts for possible reverse causality using cross-sectional regression models with &#xd;
robustness checks.&#xd;
The results confirm that individualism is positively associated with both forms of redistribution, &#xd;
especially in countries with strong institutional frameworks. In contrast, collectivist societies &#xd;
exhibit weaker links to formal redistribution, consistent with greater reliance on informal &#xd;
mechanisms. These findings highlight the importance of aligning welfare design with underlying &#xd;
cultural values to ensure policy effectiveness and public acceptance</subfield>
   </datafield>
   <datafield ind2=" " ind1=" " tag="520">
      <subfield code="a">1</subfield>
   </datafield>
   <datafield ind2=" " ind1=" " tag="520">
      <subfield code="a">10</subfield>
   </datafield>
   <datafield tag="653" ind2=" " ind1=" ">
      <subfield code="a">Wealth</subfield>
   </datafield>
   <datafield tag="653" ind2=" " ind1=" ">
      <subfield code="a">Riquesa</subfield>
   </datafield>
   <datafield tag="653" ind2=" " ind1=" ">
      <subfield code="a">Individualisme</subfield>
   </datafield>
   <datafield tag="653" ind2=" " ind1=" ">
      <subfield code="a">Economia</subfield>
   </datafield>
   <datafield tag="653" ind2=" " ind1=" ">
      <subfield code="a">Economy</subfield>
   </datafield>
   <datafield tag="653" ind2=" " ind1=" ">
      <subfield code="a">Individualism</subfield>
   </datafield>
   <datafield tag="653" ind2=" " ind1=" ">
      <subfield code="a">Igualtat</subfield>
   </datafield>
   <datafield tag="653" ind2=" " ind1=" ">
      <subfield code="a">Equality</subfield>
   </datafield>
   <datafield ind2="0" ind1="0" tag="245">
      <subfield code="a">Absolute and relative redistribution and individualism-collectivism dimension : the role of cultural values in income redistribution policies</subfield>
   </datafield>
</record></metadata></record></GetRecord></OAI-PMH>